000 00283nam a22001217a 4500
008 160429b xxu||||| |||| 00| 0 eng d
020 _a9780838525258
020 _a0838525253
041 _aeng
080 _a618.2
245 _aFamily nursing:
_cMarilyn M. Friedman;
942 _2udc
_cBK
999 _c1675
_d1675